| 000 | 00630nam a2200265Ia 4500 | ||
|---|---|---|---|
| 003 | IT-RoPAU | ||
| 005 | 20220918175814.0 | ||
| 008 | 120407s9999 xx 000 0 und d | ||
| 040 | _aIT-RoPAU | ||
| 040 | _cIT-RoPAU | ||
| 041 | _aita | ||
| 100 |
_aGiancarlo Zizola _935941 |
||
| 245 | _aUn'ala per guarire. Intervista di Giancarlo Zizola | ||
| 250 | _aCinisello Balsamo | ||
| 260 | _aSan Paolo Edizioni | ||
| 260 | _c1994 | ||
| 300 | _a263 p. | ||
| 300 | _c20 cm | ||
| 490 | _aInterviste VeritĂ | ||
| 490 | _v111 | ||
| 700 |
_aLuigi Verzé _935529 |
||
| 700 |
_cdon _934328 |
||
| 942 |
_cBK _2ddc |
||
| 999 |
_c30843 _d30843 |
||